| 000 | 00385nam a2200145Ia 4500 | ||
|---|---|---|---|
| 008 | 151021s9999 xx 000 0 und d | ||
| 020 | _a9.7899667882e+012 | ||
| 050 | _aPL 8703 .N558 1999 | ||
| 245 | _a_Kurunzi ya ushairi muriithi Gituma | ||
| 260 | _aNairobi Queenex 1999 | ||
| 300 | _a174p. | ||
| 500 | _aMarejeleo | ||
| 650 | _a_ushairi | ||
| 980 | _a^d20110406 11:24:11^oanne | ||
| 999 |
_c7060 _d7060 |
||